000 00337nam a22001217a 4500
008 190316b xxu||||| |||| 00| 0 eng d
041 _aeng
080 _a043.3
100 _a0
101 _aSHKI-BA
245 _aTe dhenat e medha, teknikat e nxerrjes se te dhenave per zhvillimin e inteligjences biznesore
_cBaftiu, L
942 _2udc
_cBK
999 _c54874
_d54874